Southville International School and Colleges

Great inventions / (Record no. 368554)

000 -LEADER
fixed length control field 01273nam a22002777a 4500
003 - CONTROL NUMBER IDENTIFIER
control field 0
005 - DATE AND TIME OF LATEST TRANSACTION
control field 20251111091306.0
008 - FIXED-LENGTH DATA ELEMENTS--GENERAL INFORMATION
fixed length control field 251111b xxu||||| |||| 00| 0 eng d
020 ## - INTERNATIONAL STANDARD BOOK NUMBER
International Standard Book Number 978-0-241-47565-2
050 ## - LIBRARY OF CONGRESS CALL NUMBER
Classification number PE 1128.C673
Item number .G74 2021
100 ## - MAIN ENTRY--PERSONAL NAME
Personal name Corall, R. J.,
Relator term author.
245 ## - TITLE STATEMENT
Title Great inventions /
Statement of responsibility, etc written by R. J. Corall ; activities written by Catrin Morris ; illustrated by David Hurtado.
246 ## - VARYING FORM OF TITLE
Title proper/short title Ladybird readers. Level 6
260 ## - PUBLICATION, DISTRIBUTION, ETC. (IMPRINT)
Place of publication, distribution, etc London :
Name of publisher, distributor, etc Ladybird Books, Penguin Random House UK,
Date of publication, distribution, etc 2021.
300 ## - PHYSICAL DESCRIPTION
Extent 63 pages :
Other physical details color illustrations ;
Dimensions 23 cm.
490 ## - SERIES STATEMENT
Series statement Ladybird readers ;
Volume number/sequential designation level 6
500 ## - GENERAL NOTE
General note Includes Cambridge English test practice.
Contains glossary and comprehension activities.
520 ## - SUMMARY, ETC.
Summary, etc Introduces major inventions and innovations throughout history and explains how they have influenced daily life. Written for English learners at Level 6 proficiency and includes comprehension exercises and test practice.
650 ## - SUBJECT ADDED ENTRY--TOPICAL TERM
Topical term or geographic name as entry element Readers (Elementary).
650 ## - SUBJECT ADDED ENTRY--TOPICAL TERM
Topical term or geographic name as entry element English language
General subdivision Study and teaching
Form subdivision Readers.
650 ## - SUBJECT ADDED ENTRY--TOPICAL TERM
Topical term or geographic name as entry element Inventions
Form subdivision Juvenile literature.
700 ## - ADDED ENTRY--PERSONAL NAME
Personal name Morris, Catrin,
Relator term contributor.
700 ## - ADDED ENTRY--PERSONAL NAME
Personal name Hurtado, David,
Relator term illustrator.
830 ## - SERIES ADDED ENTRY--UNIFORM TITLE
Uniform title Ladybird readers ;
Version level 6.
942 ## - ADDED ENTRY ELEMENTS (KOHA)
Source of classification or shelving scheme
Koha item type Books
Holdings
Source of classification or shelving scheme Lost status Withdrawn status Date acquired Shelving location Damaged status Full call number Source of acquisition Barcode Current Location Sub Shelving location Koha item type Price effective from Permanent Location Date last seen
   2024-11-19Teachers Reference Section PE 1128.C673 .G74 2021Library Fund21337Luxembourg Library Books2025-11-11Luxembourg Library2025-11-11
Powered by Koha